000 005260000a22001810004500
041 0 _aSPA
082 0 4 _aG 268.27 F817f
100 1 _aFrancia, Alfonso
245 1 0 _aCurso para jóvenes cristianos animadores de grupos : Temas teológicos / Alfonso Francia
250 _a3
260 _aMadrid, España : Centro Nacional Salesiano de Pastoral Juvenil
300 _a152 Pag
001 7860
942 _cBK
999 _c38063
_d38063
336 _atexto
_btxt
_2rdacontent
337 _2rdamedia
_asin mediación
_bn
338 _2rdacarrier
_avolumen
_bnc